00998nam a22002537a 4500999001500000001000600015003000900021005001700030008004100047020001800088020001800106040003800124082002300162100001900185245009300204260005300297300002800350504003700378650004400415650003100459942001200490952012100502952012100623 c1104d110420723BD-DhUAP20200202193313.0200202s2014 enk||||| b||| 001 0 eng d a9781107044531 a9781107678194 aBD-DhUAPbEngcBD-DhUAPdBD-DhUAP 223a340.071173 WES aWest, Robin L. aTeaching law :b justice, politics, and the demands of professionalism /cRobin L. West. aNew York :bCambridge University Press, cc2014. aix, 246 pages ;c23 cm. aIncludes bibliography and index. aLawvStudy and teachingzUnited States. 2Law SchoolzUnited States. 2ddccBK 00102ddc4070aUAPCLbUAPCLcGeneral Stacksd2020-02-02o340.071173 WESp3010020723r2020-02-02t1w2020-02-02yBK 00102ddc4070aUAPCLbUAPCLcGeneral Stacksd2020-02-02o340.071173 WESp3010020722r2020-02-02t2w2020-02-02yBK